|
|
|
|
| LEADER |
00000cam a2200000 7i4500 |
| 001 |
0000000577 |
| 005 |
20000909.0 |
| 020 |
0 |
0 |
|a 9679785106
|
| 090 |
0 |
0 |
|a 307.1409595
|b UNI 1995
|
| 110 |
1 |
0 |
|a UNIVERSITI Malaya
|c Jabatan Antropologi dan Sosiologi
|
| 245 |
1 |
0 |
|a Dimensions of traditions and development in Malaysia
|c edited by Rokiah and Tan Chee-Beng
|
| 260 |
0 |
0 |
|a Petaling Jaya, Selangor :
|b Pelanduk Pub. ,
|c 1995
|
| 300 |
|
|
|a xxvi, 557 p. :
|b ill. ;
|c 23 cm.
|
| 500 |
0 |
0 |
|a Includes bibliographical references and index
|
| 650 |
0 |
0 |
|a Community development
|z Malaysia
|
| 650 |
0 |
0 |
|a Indigenous peoples
|z Malaysia
|x Economic conditions
|
| 650 |
0 |
0 |
|a Social problems
|z Religious aspects
|
| 651 |
0 |
0 |
|a Malaysia
|x Economic conditions
|
| 651 |
0 |
0 |
|a Malaysia
|x Ethnic relations
|x Religious aspects
|
| 651 |
0 |
0 |
|a Malaysia
|x Social conditions
|
| 700 |
0 |
1 |
|a Rokiah Talib
|
| 700 |
0 |
1 |
|a Tan
|h Chee Beng
|
| 999 |
|
|
|a 0000000581
|b Monograph
|c Open Shelf
|e Default branch
|